| 000 | 00896cam a2200265 a 4500 | ||
|---|---|---|---|
| 999 |
_c9671 _d9671 |
||
| 001 | 16782899 | ||
| 003 | GBCCL | ||
| 005 | 20241126110716.0 | ||
| 008 | 110517s2012 ilu b 001 0 eng | ||
| 010 | _a 2011020710 | ||
| 020 | _a9781581348835 (hc) | ||
| 040 |
_aDLC _cDLC _dDLC |
||
| 050 | 0 | 0 |
_aBS1465.53 _b.O78 2012 |
| 082 | 0 | 0 |
_a220.7 _a223/.7077 _223 _bPRE |
| 100 | 1 |
_aOrtlund, Raymond C., _cJr. _916815 |
|
| 245 | 1 | 0 |
_aProverbs : _bwisdom that works / _cRaymond C. Ortlund, Jr. |
| 260 |
_aWheaton, Ill. : _bCrossway, _cc2012. |
||
| 300 |
_a216 p. ; _c24 cm. |
||
| 490 | 0 | _aPreaching the Word | |
| 504 | _aIncludes bibliographical references (p. 189-196) and indexes. | ||
| 630 | 0 | 0 |
_aBible. _pProverbs _vCommentaries. _913643 |
| 906 |
_a7 _bcbc _corignew _d1 _eecip _f20 _gy-gencatlg |
||
| 942 |
_2ddc _cREF |
||